La casa de Lúculo o el arte de comer. Nueva fisiología del gusto
Guardat en:
| Autor principal: | |
|---|---|
| Format: | Llibre |
| Idioma: | espanyol |
| Publicat: |
Buenos Aires
Espasa Calpe
1945
|
| Edició: | 3a. ed |
| Matèries: | |
| Etiquetes: |
Afegir etiqueta
Sense etiquetes, Sigues el primer a etiquetar aquest registre!
|
MARC
| LEADER | 00000nam a2200000 a 4500 | ||
|---|---|---|---|
| 001 | UCJ5299 | ||
| 003 | CL-VaPUC | ||
| 008 | 070124e19451006AG |||||||||||||||||spa|d | ||
| 082 | 0 | 4 | |a 641 |b CAM |2 21 |
| 100 | 0 | |a Camba, Julio |e author |9 362637 | |
| 245 | 1 | 3 | |a La casa de Lúculo o el arte de comer. Nueva fisiología del gusto |
| 250 | |a 3a. ed | ||
| 300 | |a 170 p | ||
| 942 | |c BK | ||
| 945 | |d 20070124 00:00:00 |a rinostro | ||
| 260 | |a Buenos Aires |b Espasa Calpe |c 1945 | ||
| 650 | 0 | |a Alimentos |9 256203 | |
| 650 | 7 | |a ETIQUETA |2 CL-VaPUC |9 439545 | |
| 650 | 0 | |a Arte culinario |9 394544 | |
| 650 | 7 | |a FISIOLOGIA |2 CL-VaPUC |9 510345 | |
| 650 | 0 | |a Vinos |9 389604 | |
| 650 | 7 | |a GULA |2 CL-VaPUC |9 510346 | |
| 583 | |a last modification |c 20070124 00:00:00 |k Rodrigo Vera | ||
| 999 | |c 321409 |d 321407 | ||
| 952 | |0 0 |1 0 |4 0 |6 641_000000000000000_CAM_1945 |7 0 |8 X |9 400139 |a FDOBUD |b FDOBUD |d 2019-11-22 |i 1032658 |o 641 CAM 1945 |p 1032658 |r 2019-11-22 |w 2019-11-22 |y BK_X |k BUD | ||